00406nam a2200157Ia 4500001000500000005001700005008004100022041000800063082001600071100003400087245007700121260000900198300002500207650000800232654000800240445620260306145757.0260306t1999||||xx |||||||||||||| ||spa|| aESP a322.42bG67 aGonzales Mantilla, GorkieAUT 0aPluralidad cultural, conflicto armado y derecho en el Perú (1980-1993) c1999 a138 páginas :ccm. aGEN aCHU